000
00339nam a2200145Ia 4500
005
20251222154331.0
008
251222s9999||||xx |||||||||||||| ||spa||
020
_a
9788496952478
082
_a
813.54/S66
100
_a
Solmsse, Arthur R.G.
245
0
_a
EL Juicio del Arlequín
250
_a
1ra.ed.
264
_b
Pàmies
942
_c
LIB
999
_c
34174
_d
34174